Score 0/8 Timer 01:00
0 Plays Today
In English In L33t Speak % Correct
Newbien00b
90.4%
EliteL33t
66.3%
TheTeh
61.4%
Rocks (As in: 'You Rock!')Roxxor
45.8%
HackerH4X0R
42.2%
SucksSuxxor
32.5%
Pirated Software/SoftwareWarez
10.8%
To hack a telephone system or anything other than a computerPhreaking
4.8%
Remove Ads.
Support Sporcle.
Get the best of Sporcle when you Go Orange. This ad-free experience offers more features, more stats, and more fun while also helping to support Sporcle. Thank you for becoming a member.

You're not logged in!

Compare scores with friends on all Sporcle quizzes.
OR
Log In

Show Comments

Extras

Created Nov 18, 2010ReportNominate
Tags:English, speak

Top Quizzes Today


Score Distribution

Your Account Isn't Verified!

In order to create a playlist on Sporcle, you need to verify the email address you used during registration. Go to your Sporcle Settings to finish the process.

Report this User

Report this user for behavior that violates our Community Guidelines.

Details: